Discoveries and inventions that changed the world / (Record no. 47905)
| 000 -LEADER | |
|---|---|
| fixed length control field | 00382nam a2200121 4500 |
| 020 ## - INTERNATIONAL STANDARD BOOK NUMBER | |
| International Standard Book Number | 9788854413184 |
| 100 ## - MAIN ENTRY--PERSONAL NAME | |
| Personal name | Morelli, Gianni |
| 9 (RLIN) | 85717 |
| 245 ## - TITLE STATEMENT | |
| Title | Discoveries and inventions that changed the world / |
| Statement of responsibility, etc | Gianni Morelli |
| 260 ## - PUBLICATION, DISTRIBUTION, ETC. (IMPRINT) | |
| Place of publication, distribution, etc | Italy |
| Name of publisher, distributor, etc | White Star Publishers |
| Date of publication, distribution, etc | 2018 |
| 300 ## - PHYSICAL DESCRIPTION | |
| Extent | 224 p. |
| Other physical details | col. ill. |
| Dimensions | 29 cm. |
| 650 ## - SUBJECT ADDED ENTRY--TOPICAL TERM | |
| Topical term or geographic name as entry element | Inventions |
| Form subdivision | Juvenile Literature |
| 9 (RLIN) | 35384 |
| 942 ## - ADDED ENTRY ELEMENTS (KOHA) | |
| Source of classification or shelving scheme | |
| Koha item type | Book |
| Withdrawn status | Lost status | Source of classification or shelving scheme | Damaged status | Not for loan | Collection code | Home library | Current library | Shelving location | Date acquired | Total Checkouts | Full call number | Barcode | Date last seen | Date checked out | Price effective from | Koha item type |
|---|---|---|---|---|---|---|---|---|---|---|---|---|---|---|---|---|
| TEACHERS' RESOURCES | Asian Hope Primary Library | Asian Hope Primary Library | Non Fiction | 11/21/2024 | 1 | 609 MOR | 207023 | 03/05/2025 | 01/21/2025 | 11/21/2024 | Book |